000
00332 a2200157 4500
001
45145
020
_a
8530502280
040
_c
Anchieta - Aquarius
100
_a
Belinky, Tatiana
240
1
0
_a
Diversidade
_l
por
245
1
0
_a
Diversidade
300
_a
35
362
0
_a
1999
650
4
_a
Literatura infanto-juvenil
942
_c
BK
999
_c
45145
_d
45145